Statistics for Bulgarian Lesson 4 - Bulgarian to English

Click here to take the quiz!

General Stats

  • This quiz has been taken 13 times
  • The average score is 9 of 16

Answer Stats

BulgarianEnglish% Correct
ОпасноDangerous
100%
ИзтокEast
100%
ДръжкаHandle
100%
Забавлявам сеHaving Fun
100%
НелогичноIllogical
100%
ДишамI'm breathing
100%
ЦелувкаKiss
100%
УважениеRespect
100%
РезултатResult
100%
СрамежливShy
100%
ИзгревSunrise
100%
ИзненадаSurprise
100%
БлагодаренThankful
100%
СрещаMeeting
80%
Мухаa Fly
75%
НеудобноInconvenient
75%
ЮгозападSouth West
75%
Космически корабSpacecraft
67%
УжилванеSting
67%
БуряStorm
67%
ДозаDose
60%
ГраматикаGrammar
60%
НевиненInnocent
60%
РазочарованDisappointed
50%
РазхвърлянMessy
50%
ПластмасаPlastic
50%
Наслади сеEnjoy
33%
ШегаджияJoker
33%
СъсипанRuined
33%
СъветAdvice
0%
ПоведениеBehaviour
0%
Карфиолcauliflower
0%
концентрирамConcentrate
0%
ЕлектротехникElectrician
0%
СмутенEmbarrassed
0%
ВъзможностOpportunity
0%
ПоложителенPositive
0%
ОбривRash
0%
БезразсъденReckless
0%
За многократна употребаReusable
0%
РъждаRust
0%
КожаSkin
0%
СтоманаSteel
0%
УстойчивостSustainability
0%
ГръмThunder
0%
ОбикновеноUsually
0%
ДолинаValley
0%
Гаечен ключWrench
0%

Score Distribution

Percentile by Number Answered

Percent of People with Each Score

Your Score History

You have not taken this quiz